Statistiques concernant La réponse est une lettre - 3

Cliquez ici pour prendre le quiz!

Statistiques générales

  • Ce quiz a été pris 9 999 fois
  • Le résultat moyen est 19 sur 26

Statistiques - réponses

IndicesRéponses% Correct
Georges Perec a écrit un roman sans utilisé une seule fois cette lettreE
90%
Nouveau nom de TwitterX
90%
Vitamine synthétise lorsque la peau est exposée au soleilD
89%
Parfois c'est une voyelle, parfois nonY
89%
Symbole de l'unité de mesure de la température en EuropeC
87%
D'après une expression, il faut se tenir droit comme cette lettreI
87%
Cinquième consonne de l'alphabetG
86%
Symbole international de l'ouestW
85%
Chaîne de supermarché française : Système _U
84%
Format de papier faisant 21cm × 29,7cm : _4A
83%
Premier symbole atomique du tableau périodiqueH
83%
50 en chiffre romainL
81%
Lettre en forme d'hameçonJ
79%
Lettre symbolisant un poids de 1000 kgT
79%
Apparaît en haut à gauche d'un clavier standard anglophoneQ
78%
Lettre représentant la plus mauvaise note que peut recevoir un élève aux États-UnisF
74%
Génération des personnes nées entre 1996 et 2010 : Génération _Z
69%
Lettre utilisée par le code international des plaques d'immatriculation pour le CambodgeK
64%
La seule consonne qui peut terminer un mot en japonaisN
63%
Dans le corps humain, lymphocyte chargé de la fabrication des anticorpsB
59%
Zombie incarné par Nicholas Hoult dans le film Warm BodiesR
55%
Nom de famille de Cédric, homme politique françaisO
54%
Le meilleur rang que le joueur peut obtenir dans certains types de jeux vidéos : Rang _S
47%
Lettre désignant l'ensemble des nombres premiersP
45%
Lettre représentée sur la Marque Jaune dans la bande dessinée Blake et MortimerM
41%
Héros de comics incarné à l'écran par Hugo Weaving en 2006V
32%

Distribution des résultats

Percentile par nombre de réponses

% des personnes avec chaque résultat

Votre développement - résultats

Vous n’avez pas pris ce quiz